| 000 | 00599nam a2200169 i 4500 | ||
|---|---|---|---|
| 001 | 97474 | ||
| 003 | ES-MaACL | ||
| 005 | 20230906182116.0 | ||
| 007 | t| | ||
| 008 | 050712m19681974sp ||||1| spa d | ||
| 100 | 1 |
_aMarcilla Arrazola, Juan. _976447 |
|
| 245 | 1 | 0 |
_aTratado práctico de viticultura y enología española / _cJuan Marcilla Arrazola. |
| 260 |
_aMadrid : _bSaeta, _c1968-1974. |
||
| 300 |
_a2 v. : _bil. ; _c24 cm. |
||
| 505 | 8 | _aContiene: v. I.- Viticultura. Quinta edición rev. y amp.- 375 p. v. II.- Ecnología. Séptima edición.- 517 p. | |
| 852 |
_aES-MaACL _jA-5974-5 _bR.95006 |
||
| 999 |
_c97474 _d97474 |
||